Llwytho...

Elementry biochemistry

Manylion Llyfryddiaeth
Prif Awdur: Mertz, E T
Fformat: Printed Book
Iaith:Undetermined
English
Cyhoeddwyd: Bombay Vakils Feffer and Simons 1960
Rhifyn:3
Pynciau:
LEADER 00638nam a2200217Ia 4500
008 140306s9999 xx 000 0 und d
041 |a eng 
082 |a 574 .192  |b MER/EL 
100 |a Mertz, E T 
245 |a Elementry biochemistry 
250 |a 3 
260 |a Bombay  |b Vakils Feffer and Simons  |c 1960 
300 |a 349 
365 |b Rs .11 .25 
650 |a Animal nutrition 
650 |a Carbohydrates 
650 |a Lipids 
650 |a Nucleoproteins 
942 |2 ddc  |c BK 
999 |c 114290  |d 114290 
952 |0 0  |1 0  |2 ddc  |4 0  |6 574__192000000000000_MEREL  |7 0  |9 112308  |a KAUHCV  |b KAUHCV  |d 2002-04-20  |g 11.25  |o 574 .192 MER/EL  |r 2014-03-22  |w 2014-03-22  |y BK